[Event "Staufer op-A 30th"]
[Site "Schwaebisch Gmuend"]
[Date "2018.01.04"]
[Round "5"]
[White "Hoffmann, Hendrik"]
[Black "Kabelka, Ondrej"]
[Result "1/2-1/2"]
[WhiteElo "2232"]
[BlackElo "2026"]
[PlyCount "37"]
[EventDate "2018.01.02"]
[EventType "swiss"]
[EventRounds "9"]
[EventCountry "GER"]
[SourceTitle "CBM 182 Extra"]
[Source "ChessBase"]
[SourceDate "2018.02.23"]
[SourceVersion "1"]
[SourceVersionDate "2018.02.23"]
[SourceQuality "1"]

1. e4 e6 2. d4 d5 3. Nc3 Bb4 4. e5 c5 5. a3 Bxc3+ 6. bxc3 Qa5 7. Bd2 Qa4 8. Be3 Nd7 9. dxc5 Ne7 10. Nf3 Nc6 11. Bd4 Qa5 12. Qd2 Nxc5 13. c4 Ne4 14. Qxa5 Nxa5 15. cxd5 exd5 16. Bd3 0-0 17. 0-0 Nc6 18. Rfe1 Bg4 19. Bb2 1/2-1/2

[Event "Staufer op-A 30th"]
[Site "Schwaebisch Gmuend"]
[Date "2018.01.03"]
[Round "3"]
[White "Foerster, Rasmus"]
[Black "Kabelka, Ondrej"]
[Result "0-1"]
[WhiteElo "1900"]
[BlackElo "2026"]
[PlyCount "52"]
[EventDate "2018.01.02"]
[EventType "swiss"]
[EventRounds "9"]
[EventCountry "GER"]
[SourceTitle "CBM 182 Extra"]
[Source "ChessBase"]
[SourceDate "2018.02.23"]
[SourceVersion "1"]
[SourceVersionDate "2018.02.23"]
[SourceQuality "1"]

1. Nf3 Nf6 2. e3 c5 3. b3 g6 4. Bb2 Bg7 5. c4 0-0 6. Be2 b6 7. 0-0 Bb7 8. d4 cxd4 9. Nxd4 d5 10. cxd5 Nxd5 11. Nc3 Nd7 12. Nxd5 Bxd5 13. Rc1 Nc5 14. b4 Ne4 15. a3 Qd7 16. Bf3 Rfd8 17. Qe2 e5 18. Nb5 Rac8 19. Rfd1 Rxc1 20. Bxc1 Qf5 21. Nc7 Nc3 22. Qd2 e4 23. Be2 Nxd1 24. Bxd1 Bf6 25. Qe2 Bc4 26. Qc2 Qd7 0-1

[Event "CZE-chT2B 1718"]
[Site "Czech Republic"]
[Date "2017.10.15"]
[Round "1.5"]
[White "Vanek, Tomas"]
[Black "Kabelka, Ondrej"]
[Result "0-1"]
[WhiteElo "2147"]
[BlackElo "2012"]
[PlyCount "70"]
[EventDate "2017.10.15"]
[EventType "team-tourn"]
[EventRounds "11"]
[EventCountry "CZE"]
[SourceTitle "EXT 2022"]
[Source "ChessBase"]
[SourceDate "2021.10.06"]
[SourceVersion "1"]
[SourceVersionDate "2021.10.06"]
[SourceQuality "1"]
[WhiteTeam "Teplice"]
[BlackTeam "Jicin"]
[WhiteTeamCountry "CZE"]
[BlackTeamCountry "CZE"]

1. d4 Nf6 2. Nf3 c5 3. d5 e6 4. c4 exd5 5. cxd5 d6 6. e4 g6 7. Bb5+ Nbd7 8. 0-0 Bg7 9. Bf4 a6 10. Bxd7+ Qxd7 11. Na3 Nh5 12. Be3 b5 13. e5 dxe5 14. Bxc5 Nf4 15. Nxe5 Bxe5 16. Re1 f6 17. Qd4 Qf5 18. Rxe5+ Qxe5 19. Qd2 Qg5 20. Qe3+ Be6 21. Qe4 f5 22. Qf3 Bxd5 23. Re1+ Kf7 24. h4 Qxh4 25. Be7 Rhe8 26. Nc2 Rxe7 27. Rxe7+ Kxe7 28. Qa3+ Kf7 29. Qd6 Rd8 30. Qc7+ Kg8 31. Ne3 Bxg2 32. f3 Bxf3 33. Kf1 Be2+ 34. Kg1 Qg3+ 35. Kh1 Rd1+ 0-1

[Event "CZE-ch"]
[Site "Ostrava"]
[Date "2017.04.30"]
[Round "2"]
[White "Kabelka, Ondrej"]
[Black "Kozusek, Daniel"]
[Result "1/2-1/2"]
[WhiteElo "2069"]
[BlackElo "2264"]
[PlyCount "46"]
[EventDate "2017.04.29"]
[EventType "swiss"]
[EventRounds "9"]
[EventCountry "CZE"]
[SourceTitle "CBM 178 Extra"]
[Source "ChessBase"]
[SourceDate "2017.06.22"]
[SourceVersion "1"]
[SourceVersionDate "2017.06.22"]
[SourceQuality "1"]

1. d4 f5 2. g3 Nf6 3. Bg2 e6 4. c4 d5 5. Nh3 c6 6. 0-0 Bd6 7. Nd2 0-0 8. Nf3 Nbd7 9. Nf4 Re8 10. b3 b6 11. Nd3 Ba6 12. cxd5 exd5 13. e3 Ne4 14. Bb2 Qe7 15. Re1 Rac8 16. Rc1 Ba3 17. Bxa3 Qxa3 18. Nde5 Ndf6 19. Rc2 Qd6 20. Qc1 c5 21. Qa3 Bb5 22. Qxa7 Rc7 23. Qa3 Rec8 1/2-1/2

[Event "Kouty nad Desnou op-A"]
[Site "Kouty nad Desnou"]
[Date "2017.03.13"]
[Round "4"]
[White "Kabelka, Ondrej"]
[Black "Taus, Martin"]
[Result "1/2-1/2"]
[WhiteElo "2097"]
[BlackElo "2013"]
[PlyCount "99"]
[EventDate "2017.03.11"]
[EventType "swiss"]
[EventRounds "9"]
[EventCountry "CZE"]
[SourceTitle "CBM 177 Extra"]
[Source "ChessBase"]
[SourceDate "2017.04.27"]
[SourceVersion "1"]
[SourceVersionDate "2017.04.27"]
[SourceQuality "1"]

1. d4 d6 2. c4 e5 3. Nf3 e4 4. Ng5 f5 5. Nc3 Nc6 6. Nh3 Nf6 7. e3 g6 8. Be2 Bg7 9. Nf4 0-0 10. h4 Bd7 11. Bd2 Qe8 12. Nb5 Qc8 13. d5 Nd8 14. Nd4 c5 15. dxc6 bxc6 16. Rc1 Nf7 17. Bc3 Ne5 18. Qd2 h6 19. Nb3 g5 20. hxg5 hxg5 21. Nh5 Nxh5 22. Rxh5 Nf7 23. Bxg7 Kxg7 24. Qd4+ Kg6 25. Kd2 Qd8 26. Rch1 Qf6 27. Qxf6+ Kxf6 28. c5 d5 29. Nd4 a5 30. Kc3 Rfb8 31. b3 g4 32. Rh7 Rg8 33. g3 Rg7 34. Rxg7 Kxg7 35. Rb1 Ne5 36. a3 Kf6 37. b4 axb4+ 38. axb4 Ra2 39. Kb3 Ra8 40. Rc1 Ra7 41. b5 cxb5 42. c6 Bc8 43. Nxb5 Ra6 44. Nd6 Rb6+ 45. Ka4 Bd7 46. Bb5 Nxc6 47. Bxc6 Rxc6 48. Rxc6 Bxc6+ 49. Kb4 Ke6 50. Kc5 1/2-1/2

[Event "CZE-ch U18/U20 sf"]
[Site "Kovarska"]
[Date "2016.11.13"]
[Round "1"]
[White "Havelka, Josef"]
[Black "Kabelka, Ondrej"]
[Result "1/2-1/2"]
[WhiteElo "2325"]
[BlackElo "2036"]
[PlyCount "59"]
[EventDate "2016.11.13"]
[EventType "swiss"]
[EventRounds "9"]
[EventCountry "CZE"]
[SourceTitle "EXT 2022"]
[Source "ChessBase"]
[SourceDate "2021.10.06"]
[SourceVersion "1"]
[SourceVersionDate "2021.10.06"]
[SourceQuality "1"]

1. e4 c5 2. Nf3 e6 3. d4 cxd4 4. Nxd4 a6 5. Bd3 Qc7 6. Qe2 d6 7. c4 Nf6 8. 0-0 Nbd7 9. b3 g6 10. Bb2 Bg7 11. Nd2 0-0 12. f4 e5 13. fxe5 Nxe5 14. Bc2 b6 15. Rae1 Bb7 16. N4f3 Nfd7 17. Nxe5 Nxe5 18. Kh1 Rfe8 19. Bb1 Re7 20. Bc1 Rae8 21. Qf2 b5 22. cxb5 axb5 23. Qg3 b4 24. Bb2 Ba6 25. Rc1 Qb6 26. Rfe1 Nd3 27. Bxg7 Nf2+ 28. Kg1 Nh3+ 29. Kh1 Nf2+ 30. Kg1 1/2-1/2

[Event "Ostrava Konik op-A"]
[Site "Ostrava"]
[Date "2016.05.04"]
[Round "5"]
[White "Kabelka, Ondrej"]
[Black "Zabystrzan, Pavel"]
[Result "1/2-1/2"]
[WhiteElo "2033"]
[BlackElo "2267"]
[PlyCount "36"]
[EventDate "2016.04.30"]
[EventType "swiss"]
[EventRounds "9"]
[EventCountry "CZE"]
[SourceTitle "CBM 172 Extra"]
[Source "ChessBase"]
[SourceDate "2016.06.21"]
[SourceVersion "1"]
[SourceVersionDate "2016.06.21"]
[SourceQuality "1"]

1. c4 Nf6 2. Nf3 g6 3. g3 Bg7 4. Bg2 c6 5. 0-0 d5 6. d4 0-0 7. Nc3 dxc4 8. Ne5 Nd5 9. Nxc4 Be6 10. Ne5 Nd7 11. Nxd7 Nxc3 12. bxc3 Qxd7 13. e4 Rfd8 14. Be3 Bc4 15. Re1 e5 16. Qc2 Qe6 17. Red1 Rd7 18. Rd2 Rad8 1/2-1/2